000 01451cam a22003735a 4500
003 EG-ScBUE
005 20220529095624.0
008 090709r20142008enka f 000 0 eng d
020 _a9780521702027 (v. 1)
020 _a9780521702041 (v. 2)
020 _a9780521705738 (v. 3)
020 _a9780521705752 (v. 4)
040 _aEG-ScBUE
_beng
_erda
_cEG-ScBUE
_dEG-ScBUE
082 0 4 _a428.24
_bDRI
_222
100 1 _aDriscoll, Liz,
_eauthor.
_921361
245 1 0 _aReal reading :
_bwith answers /
_cLiz Driscoll.
250 _aFifth printing.
264 1 _aCambridge :
_bCambridge University Press,
_c2014.
300 _a4 volumes :
_billustrations ;
_c25 cm.
336 _2rdacontent
_atext
_btxt
337 _2rdamedia
_aunmediated
_bn
338 _2rdacarrier
_avolume
_bnc
490 0 _aCambridge English skills
505 0 _aVolume 1 -- Volume 2 -- Volume 3 -- Volume 4.
520 _aDevelop the skills you need to read confidently at home, at work, travelling, studying or in social situations with English-speaking friends. This book covers a range of real-life everyday situations.
521 _aA2 : Elementary.
650 7 _aEnglish language
_vTextbooks for foreign speakers.
_2BUEsh
_913993
650 7 _aEnglish language
_vProblems, exercises, etc.
_2BUEsh
_913812
650 7 _aReading comprehension.
_2BUEsh
_913995
651 _2BUEsh
653 _bHHUUEENN
_cOctober2018
655 _vReading book
_934232
942 _2ddc
_cBB
999 _c12292
_d12292